• 首页
  • 本馆介绍
  • 公告通知
  • 最新文献
  • 馆藏检索
  • 电子资源
  • 读者导购
  • 参考咨询
  • 我的图书馆
  • 登录
  • 详细信息显示
  • 放入我的书架
  • 预约/预借图书
  • 作者相关作品
  • 分类相关作品
  • 丛书相关作品
  • 出版社相关作品

书目信息

  • 表格格式
  • 工作单格式
  • 卡片格式
题名:
中级汉语口语
    
 
作者: 刘德联 , 刘晓雨 编著
分册: 3  
出版信息: 北京   北京大学出版社  2004
页数: 178页
开本: 26cm
丛书名:
单 册:
中图分类: H195.4
科图分类:
主题词: 汉语--口语--对外汉语教学--教材 , 汉语 , 对外汉语教学 , 口语
电子资源:
ISBN: 7-301-06633-3
000 01048nam0 2200313 45
001 060000008966
005 20051128113837.28
010    @a7-301-06633-3@dCNY36.00
092    @aCN
100    @a20040925d2004 ekmy0chiy0120 ea
101 0  @achi
102    @aCN@b110000
105    @aa z 000yy
200 1  @a中级汉语口语@9zhong ji han yu kou yu@h3@f刘德联,刘晓雨编著@Fliu de lian,liu xiao yu bian zhu
205    @a2版
210    @a北京@c北京大学出版社@d2004
215    @a178页@c图@d26cm
300    @a北大版新一代对外汉语教材·口语教程系列
300    @a北京市高等教育精品教材立项项目
330    @a本书结合大量插图讲述对外汉语教学范围的汉语口语知识,组织了十六课的篇幅、围绕当今社会普遍话题、采用流行的语言、设计生活场景、对难点词语进行注释等。
606 0  @a汉语@x口语@x对外汉语教学@j教材
606 0  @a汉语
606 0  @a对外汉语教学
606 0  @a口语
690    @aH195.4@v4
701  0 @a刘德联@Aliu de lian@4编著
701  0 @a刘晓雨@Aliu xiao yu@4编著
801  0 @aCN@bCXYBOOK@c20051128
905    @a10447@dH195.4@e167:2(3)=2
    
    中级汉语口语.3/刘德联,刘晓雨编著.-2版.-北京:北京大学出版社,2004
    178页:图;26cm
    北大版新一代对外汉语教材·口语教程系列.-北京市高等教育精品教材立项项目
    
    ISBN 7-301-06633-3:CNY36.00
    本书结合大量插图讲述对外汉语教学范围的汉语口语知识,组织了十六课的篇幅、围绕当今社会普遍话题、采用流行的语言、设计生活场景、对难点词语进行注释等。
●
相关链接 在E读中查询图书 在五车中查询图书 在当当中查询图书 在豆瓣中查询图书


正题名:中级汉语口语     索取号:H195.4/167:2(3)=2         预约/预借

序号 登录号 条形码 馆藏地/架位号 状态 备注
1 0369331   203693315   第二样本阅览室/ [索取号:H195.4/167:2(3)=2] 在馆    
2 0369332   203693324   第四借阅区/ [索取号:H195.4/167:2(3)=2] 在馆    
3 0369333   203693333   第四借阅区/ [索取号:H195.4/167:2(3)=2] 在馆    
4 0369334   203693342   第四借阅区/ [索取号:H195.4/167:2(3)=2] 在馆    
5 0369335   203693351   第四借阅区/ [索取号:H195.4/167:2(3)=2] 在馆    
唐山师范学院图书馆 欢迎您!
大连网信软件有限公司© 版权所有